Statistics for New Zealand Rugby All Blacks - 6 or more penalties in a test

Click here to take the quiz!

General Stats

  • This quiz has been taken 88 times
    (31 since last reset)
  • The average score is 6 of 8

Answer Stats

Times Achieved Player % Correct
5Daniel Carter
100%
7Andrew Mehrtens
97%
4Grant Fox
97%
1Beauden Barrett
87%
1Don Clarke
83%
1Kieran Crowley
37%
1Shane Howarth
27%
1Piri Weepu
23%

Score Distribution

Percentile by Number Answered

Percent of People with Each Score

Your Score History

You have not taken this quiz since the last reset